| 000 | 00581nam a2200217Ia 4500 | ||
|---|---|---|---|
| 005 | 20251020182514.0 | ||
| 008 | 200515s9999 xx 000 0 und d | ||
| 020 | _a92-9088-062-4 | ||
| 082 | _a658.114/O65 | ||
| 100 | _aPatrome, Alesandro | ||
| 245 | 0 | _aMetodología de formación flexible para pequeños empresarios latinoamericanos | |
| 260 | _aMontevideo | ||
| 260 | _bCinterfor | ||
| 260 | _c1997 | ||
| 300 | _a54 p. | ||
| 490 | _aPapeles de la Oficina técnica, 3 | ||
| 500 | _a1 ejemplar | ||
| 650 | _aPEQUEÑA Y MEDIANA EMPRESA | ||
| 942 | _cLIB | ||
| 999 |
_c1516 _d1516 |
||